Statistics for What's Wrong With This Map of Africa?

Click here to take the quiz!

General Stats

  • This quiz has been taken 772 times
  • The average score is 9 of 10

Answer Stats

IncorrectCorrect% Correct
TunisiaAlgeria
100%
EritreaSudan
98%
UgandaDR Congo
97%
DjiboutiEthiopia
97%
NigeriaNiger
97%
SudanSouth Sudan
96%
MaliMauritania
93%
TogoBurkina Faso
91%
KenyaTanzania
91%
Cape VerdeSão Tomé and Príncipe
89%

Score Distribution

Percentile by Number Answered

Percent of People with Each Score

Your Score History

You have not taken this quiz